| 000 | 00532 a2200181 4500 | ||
|---|---|---|---|
| 001 | 002471 | ||
| 003 | OSt | ||
| 005 | 20220127121107.0 | ||
| 008 | |||
| 082 |
_a515.35 _bB69E |
||
| 100 | 1 | _aDiprima, Richard C. | |
| 245 | 1 |
_aElementary differential equations and boundary value problems _cby Richard C. Diprima and E. William Boyce |
|
| 260 |
_aIndia _bWiley _c2010 |
||
| 300 | _a796p. | ||
| 653 | _aDifferential equations; Boundary value problems | ||
| 700 | _aBoyce, E. William | ||
| 942 |
_2ddc _cBK |
||
| 999 |
_c85 _d85 |
||